000 00468nam a2200157Ia 4500
008 230711s9999||||xx |||||||||||||| ||und||
041 _aENG
082 _a624
_bBU-I
100 _aBureau of Indian Standard
245 0 _aIS : 3855 Pt II
_bSpecification for rectangular and square enqmelled copper conductors Pt 4 method of tests
250 _a1st
260 _c1979
_aNew Delhi
_bBureau of Indian Standard
300 _a17
650 _aCivil Engineering
942 _cBK
999 _c1528
_d1528